|
|
|
|
| LEADER |
00000naa2a2200000 4500 |
| 001 |
242505 |
| 005 |
20231031210231.0 |
| 035 |
|
|
|a (RuTPU)RU\TPU\book\263822
|
| 035 |
|
|
|a RU\TPU\book\259967
|
| 090 |
|
|
|a 242505
|
| 100 |
|
|
|a 20130904d2010 k y0rusy50 ca
|
| 101 |
0 |
|
|a rus
|
| 102 |
|
|
|a RU
|
| 200 |
1 |
|
|a Имплицитность и эксплицитность в создании исламской угрозы в англоязычном медиадискурсе
|f Э. А. Навицкайте
|
| 320 |
|
|
|a Библиогр.: с. 30 (5 назв.)
|
| 461 |
|
0 |
|0 (RuTPU)RU\TPU\book\251515
|y 5-87307-103-9
|t Межкультурная коммуникация: теория и практика
|o сборник статей X Международной научно-практической конференции "Лингвистические и культурологические традиции образования", 12-14 ноября 2010 г., Томск
|o в 2 ч.
|f Национальный исследовательский Томский политехнический университет (ТПУ), Энергетический институт (ЭНИН) ; под ред. Н. А. Качалова
|d 2010
|
| 463 |
|
0 |
|0 (RuTPU)RU\TPU\book\250302
|t Ч. 2
|v С. 25-30
|d 2010
|p 234 с.
|
| 610 |
1 |
|
|a имплицитная информация
|
| 610 |
1 |
|
|a имплицитность
|
| 610 |
1 |
|
|a эксплицитность
|
| 610 |
1 |
|
|a ислам
|
| 610 |
1 |
|
|a мусульмане
|
| 610 |
1 |
|
|a английский язык
|
| 610 |
1 |
|
|a дискурс
|
| 610 |
1 |
|
|a медиа
|
| 610 |
1 |
|
|a средства массовой информации
|
| 700 |
|
1 |
|a Навицкайте
|b Э. А.
|
| 801 |
|
1 |
|a RU
|b 63413507
|c 20130528
|
| 801 |
|
2 |
|a RU
|b 63413507
|c 20130904
|g RCR
|
| 942 |
|
|
|c BK
|